[Event "Thursday Knighter II: PREMIER"]
[Site "Minneapolis, MN"]
[Date "2019.02.21"]
[Round "3.4"]
[White "Khann, Riaz"]
[Black "Wasserman, Eddie"]
[Result "0-1"]
[WhiteElo "1506"]
[BlackElo "1928"]

1. f4 c5 2. Nf3 Nc6 3. e3 g6 4. Be2 Bg7 5. O-O d6 6. Nc3 e6 7. Rb1 Nge7 8. Qe1
O-O 9. b3 a6 10. Bb2 b5 11. Qh4 Qc7 12. Nd1 Nf5 13. Qf2 h5 14. Bxg7 Kxg7 15.
Ng5 f6 16. Nf3 Rh8 17. Nh4 Bb7 18. Nxf5+ exf5 19. Bf3 Nb4 20. Nc3 Nxc2 21.
Rbc1 Nb4 22. Bxb7 Qxb7 23. Qe2 Rae8 24. a3 Nd5 25. Qf3 Re4 26. Nxe4 fxe4 27.
Qxe4 Qf7 28. f5 g5 29. Qe6 Qxe6 30. fxe6 Re8 31. e4 Nf4 32. Rce1 Rxe6 33. Re3
Ng6 34. g3 Ne5 35. h3 c4 36. bxc4 Nxc4 37. Re2 Nxa3 38. d3 b4 39. Rc1 f5 40.
Rc7+ Kf6 41. Rc6 Nb5 42. Rxa6 Nc3 43. e5+ dxe5 44. Rxe6+ Kxe6 45. Rb2 Nd5 46.
Kf2 e4 47. dxe4 fxe4 48. Ke2 Ke5 49. Rb3 Kd4 {#R} 0-1

[Event "Thursday Knighter II: OPEN"]
[Site "Minneapolis, MN"]
[Date "2019.02.21"]
[Round "3.4"]
[White "Juntunen, Steven"]
[Black "Heinisch, Steven"]
[Result "0-1"]
[WhiteElo "2133"]
[BlackElo "1300"]

1. e4 e5 2. Nf3 Nc6 3. Bb5 Nf6 4. O-O Bc5 5. d3 d6 6. Bxc6+ bxc6 7. Be3 Bxe3
8. fxe3 c5 9. Nbd2 O-O 10. c3 Be6 11. d4 cxd4 12. exd4 c6 13. dxe5 dxe5 14.
Nxe5 Qb6+ 15. Rf2 Qxb2 16. Nxc6 Qxc3 17. Ne7+ Kh8 18. Rc1 Qb4 19. Nc6 Qb6 20.
Ne5 Rfd8 21. Nec4 Qd4 22. Kh1 Qxf2 23. Rc2 Bxc4 24. Nf3 Rxd1+ 25. Ng1 Qxg1#
0-1

[Event "Thursday Knighter II: PREMIER"]
[Site "Minneapolis, MN"]
[Date "2019.02.28"]
[Round "4.1"]
[White "Britt, Thomas"]
[Black "Hunt, Ethan"]
[Result "1-0"]
[WhiteElo "1460"]
[BlackElo "1912"]

1. d4 Nf6 2. c4 e6 3. Nf3 b6 4. g3 Bb7 5. Bg2 Be7 6. O-O O-O 7. Nc3 Ne4 8. Qc2
Nxc3 9. Qxc3 c5 10. Rd1 d6 11. d5 exd5 12. cxd5 b5 13. e4 Nd7 14. Bf1 b4 15.
Qc2 Bf6 16. Bf4 Qe7 17. a3 a5 18. Re1 g6 19. Rad1 Bg7 20. Bg5 f6 21. Bc1 Ne5
22. Nd2 Bc8 23. h3 Qc7 24. f4 Nf7 25. Bg2 Ra7 26. Nc4 Rd8 27. Kh2 Re8 28. Be3
Qd8 29. Bf2 Ra6 30. Bf1 Ra8 31. Ne3 Bd7 32. Nc4 Bc8 33. Bg2 Ra6 34. Bf3 Re7
35. Qd3 Re8 36. Ra1 Qc7 37. Rec1 Qa7 38. Re1 Bd7 39. Re2 Qb7 40. Kg2 Raa8 41.
a4 Qc7 42. b3 Re7 43. Rae1 Rae8 44. Ne3 Qd8 45. Nc4 Qc7 46. g4 g5 47. f5 Ne5
48. Nxe5 Rxe5 49. Bg3 Qb6 50. Bxe5 Rxe5 51. Rc2 h6 52. Be2 Kf7 53. Qf3 Re8 54.
h4 Qd8 55. Bc4 Re5 56. Qg3 Qe7 57. Rce2 Ke8 58. Kf3 Kd8 59. Rh1 Kc7 60. Qe1
Qf7 61. Qd2 Re8 62. Qd3 Rb8 63. hxg5 hxg5 64. Rh7 Rg8 65. Bb5 Kb6 66. Reh2 Qe8
67. Bxd7 Qxd7 68. R2h6 {#r} 1-0

[Event "Thursday Knighter II: PREMIER"]
[Site "Minneapolis, MN"]
[Date "2019.02.28"]
[Round "4.2"]
[White "Hoover, Nathan"]
[Black "Boardman, Larry"]
[Result "1-0"]
[WhiteElo "1979"]
[BlackElo "1983"]

1. d4 d5 2. c4 e6 3. Nc3 c5 4. e3 Nf6 5. Nf3 Nc6 6. a3 a6 7. dxc5 Bxc5 8. b4
Be7 9. cxd5 exd5 10. Bb2 Bg4 11. Be2 O-O 12. O-O Qd7 13. Na4 Qf5 14. Rc1 Rad8
15. Qb3 Bxf3 16. Bxf3 Ne4 17. Rcd1 Ne5 18. Be2 b5 19. Nc3 Nxc3 20. Bxc3 Nc4
21. Rd4 Bd6 22. Rfd1 Nb6 23. Bf3 Be5 24. R4d3 Bxc3 25. Qxc3 Rd6 26. e4 Qf4 27.
exd5 Rh6 28. g3 Qd6 29. Re1 Nc4 30. Qd4 Qd7 31. Bg4 f5 32. Bd1 f4 33. gxf4 Nd6
34. Qe5 Re8 35. Qc3 Ne4 36. Qd4 Qf5 37. Rde3 Rg6+ 38. Kf1 Re7 39. Rxe4 Qh3+
40. Ke2 {#r} 1-0

[Event "Thursday Knighter II: PREMIER"]
[Site "Minneapolis, MN"]
[Date "2019.02.28"]
[Round "4.3"]
[White "Wasserman, Eddie"]
[Black "Lothrop, Jack"]
[Result "0-1"]
[WhiteElo "1928"]
[BlackElo "1506"]

1. e4 c5 2. Nc3 e6 3. Nf3 Ne7 4. d4 cxd4 5. Nxd4 a6 6. Be3 d5 7. exd5 Nxd5 8.
Nxd5 Qxd5 9. Nb3 Qe5 10. c3 Nc6 11. Be2 Qc7 12. Qd2 Be7 13. a4 b6 14. O-O Bb7
15. a5 Nxa5 16. Nxa5 bxa5 17. Qd4 O-O 18. Qb6 Bd8 19. Qd4 e5 20. Qa4 Bc6 21.
Qa2 Qd6 22. Rad1 Qg6 23. f3 Kh8 24. Bc5 Re8 25. Rd6 Re6 26. Rfd1 Bc7 27. Rxe6
fxe6 28. Bd3 e4 29. Bxe4 Bxe4 30. fxe4 Qh5 {#R} 0-1

[Event "Thursday Knighter II: PREMIER"]
[Site "Minneapolis, MN"]
[Date "2019.02.28"]
[Round "4.4"]
[White "Thiagarajan, Arvind"]
[Black "Buyukdag, Yusuf"]
[Result "0-1"]
[WhiteElo "1528"]
[BlackElo "1102"]

1. e4 c5 2. Nf3 Nc6 3. Nc3 e6 4. d4 cxd4 5. Nxd4 Nf6 6. Be3 Be7 7. Be2 O-O 8.
O-O d6 9. f4 a6 10. Qe1 Nxd4 11. Bxd4 b5 12. a3 Bb7 13. Qg3 d5 14. e5 Nd7 15.
Bd3 Bc5 16. Ne2 Bxd4+ 17. Nxd4 Qb6 18. c3 Nc5 19. Bc2 f5 20. h3 Ne4 21. Qe1
Rac8 22. g4 a5 23. Rd1 b4 24. Rd3 Ba6 25. gxf5 exf5 26. Rff3 Bxd3 27. Rxd3
bxc3 28. Kh2 cxb2 29. h4 Rxc2+ {#R} 0-1

[Event "Thursday Knighter II: OPEN"]
[Site "Minneapolis, MN"]
[Date "2019.02.28"]
[Round "4.3"]
[White "Lothrop, Bill"]
[Black "Juntunen, Steven"]
[Result "1-0"]
[WhiteElo "1209"]
[BlackElo "2133"]

1. e4 e5 2. Nf3 Nc6 3. d4 exd4 4. Bc4 Bb4+ 5. c3 dxc3 6. bxc3 Be7 7. Qd5 Nh6
8. Bxh6 Rf8 9. Bxg7 Ne5 10. Nxe5 c6 11. Qxf7+ Rxf7 12. Bxf7# 1-0

[Event "Thursday Knighter III: PREMIER"]
[Site "Minneapolis, MN"]
[Date "2019.03.07"]
[Round "1.1"]
[White "Zelkind, Eduard"]
[Black "Wasserman, Eddie"]
[Result "1-0"]
[WhiteElo "2200"]
[BlackElo "1928"]

1. Nf3 Nf6 2. c4 g6 3. b3 Bg7 4. Bb2 O-O 5. g3 c5 6. Bg2 Nc6 7. O-O d6 8. d3
Bd7 9. Nbd2 e5 10. Re1 Re8 11. Nf1 Ng4 12. e4 f5 13. h3 Nf6 14. Ne3 Nd4 15.
exf5 Nxf5 16. Nxf5 gxf5 17. Qd2 Rf8 18. b4 cxb4 19. Qxb4 Bc6 20. Re2 Qc7 21.
Rd1 Rad8 22. c5 dxc5 23. Qxc5 Nd7 24. Qc4+ Kh8 25. Ng5 Nb6 26. Qh4 Bf6 27.
Rxe5 Rg8 28. Re7 {#r} 1-0

[Event "Thursday Knighter III: PREMIER"]
[Site "Minneapolis, MN"]
[Date "2019.03.07"]
[Round "1.2"]
[White "Lothrop, Jack"]
[Black "Gibbins, Wilson"]
[Result "0-1"]
[WhiteElo "1506"]
[BlackElo "1018"]

1. e4 c5 2. Nc3 Nc6 3. f4 g6 4. Nf3 Bg7 5. Bb5 Nd4 6. Bc4 e6 7. O-O Ne7 8. e5
d6 9. Ne4 dxe5 10. fxe5 O-O 11. c3 Nxf3+ 12. Qxf3 Bxe5 13. Nxc5 Nf5 14. Ne4
Qc7 15. Bb3 Bxh2+ 16. Kf2 Be5 17. d4 Bg7 18. Rh1 e5 19. d5 Nd6 20. Bh6 Qe7 21.
Nxd6 Qxd6 22. Rh2 e4 23. Qg3 Be5 24. Qh4 Bxh2 25. Rh1 Be5 26. g4 Qf6+ 27. Qxf6
Bxf6 28. Bxf8 Kxf8 29. Rxh7 Bxg4 30. d6 Bg7 31. Rh1 Rd8 32. Bd5 Bf3 33. Re1
Rxd6 34. Bxe4 Bxe4 35. Rxe4 Rd2+ {#R} 0-1

[Event "Thursday Knighter III: PREMIER"]
[Site "Minneapolis, MN"]
[Date "2019.03.07"]
[Round "1.3"]
[White "Hoover, Nathan"]
[Black "Shapiro, Dan"]
[Result "1-0"]
[WhiteElo "1979"]
[BlackElo "1980"]

1. d4 Nf6 2. c4 e6 3. Nc3 Bb4 4. Bd2 Bxc3 5. Bxc3 Ne4 6. Qc2 f5 7. e3 O-O 8.
Bd3 Nxc3 9. Qxc3 b6 10. Ne2 Bb7 11. Rg1 Qf6 12. O-O-O Be4 13. f3 Bxd3 14. Qxd3
d5 15. Kb1 a5 16. Rc1 Na6 17. Ka1 c6 18. g4 Nb4 19. Qb3 dxc4 20. Qxc4 b5 21.
Qb3 Rfc8 22. gxf5 Qxf5 23. e4 Qf7 24. Rg5 Kh8 25. Rcg1 Rg8 26. f4 Rac8 27. f5
Rce8 28. Nf4 h6 29. Nxe6 Rxe6 30. fxe6 Qe7 31. Rg6 Qh4 32. R6g4 Qe7 33. a3 Na6
34. d5 a4 35. Qc3 Nc5 36. d6 Nb3+ 37. Qxb3 Qxd6 38. Rxg7 Rxg7 39. Qc3 Qe7 40.
Rxg7 Qxg7 41. e7 {#r} 1-0

[Event "Thursday Knighter III: PREMIER"]
[Site "Minneapolis, MN"]
[Date "2019.03.07"]
[Round "1.4"]
[White "Mulligan, Toma"]
[Black "Hunt, Ethan"]
[Result "0-1"]
[WhiteElo "2008"]
[BlackElo "1912"]

1. d4 d5 2. Nf3 Nf6 3. e3 e6 4. Bd3 c5 5. b3 Nc6 6. Bb2 cxd4 7. exd4 Bb4+ 8.
c3 Bd6 9. Qe2 Qc7 10. O-O O-O 11. Re1 Nd7 12. c4 Nb4 13. c5 Be7 14. Nbd2 Nxd3
15. Qxd3 Bf6 16. b4 a5 17. a3 b6 18. Rac1 bxc5 19. bxc5 Ba6 20. Qe3 Rfc8 21.
Rb1 Rab8 22. Bc3 a4 23. Bb4 Qc6 24. h4 Bd8 25. g4 Bc7 26. Rbc1 Nf6 27. g5 Ng4
28. Qc3 Bf4 29. Ne5 Nxe5 30. dxe5 Bxd2 31. Qxd2 d4 32. f4 Bb7 33. Kh2 Qf3 34.
Rf1 Qg4 35. Qf2 d3 36. Rfd1 Be4 37. Rd2 Rc6 38. Rg1 Qf5 39. Kg3 Rd8 40. Re1
Rcc8 41. Rc1 Bc6 42. Rc3 Qe4 43. Rc1 Rd5 44. Qe1 Qf5 45. Rc4 f6 46. Qf1 fxe5
47. Qf2 Rf8 48. Qe3 exf4+ 49. Rxf4 Qxf4+ 50. Qxf4 Rxf4 51. Kxf4 Kf7 52. Ke3
Bb5 53. c6 Bxc6 54. Rxd3 Rf5 55. Ke2 Bb5 {#R} 0-1

[Event "Thursday Knighter III: PREMIER"]
[Site "Minneapolis, MN"]
[Date "2019.03.07"]
[Round "1.5"]
[White "Kalina, Chris"]
[Black "Buyukdag, Yusuf"]
[Result "1-0"]
[WhiteElo "1924"]
[BlackElo "1102"]

1. d4 Nf6 2. c4 e6 3. Nc3 Bb4 4. Qc2 O-O 5. Nf3 c5 6. a3 Bxc3+ 7. Qxc3 cxd4 8.
Nxd4 e5 9. Nf3 e4 10. Nd4 d5 11. Bg5 dxc4 12. e3 a6 13. Bxc4 Nbd7 14. O-O b5
15. Be2 Bb7 16. Rac1 Rc8 17. Qb4 Qb6 18. Nf5 Rxc1 19. Rxc1 Re8 20. Qd6 Re6 21.
Qxb6 Rxb6 22. Rc7 Kf8 23. Bf4 g6 24. Nd6 Bc6 25. Nc8 Nd5 26. Nxb6 Nxc7 27.
Nxd7+ Bxd7 28. Bxc7 Be6 29. a4 Bc4 30. Bxc4 bxc4 31. Kf1 Ke7 32. Ke2 Kd7 33.
Ba5 Kd6 34. Kd2 f5 35. Kc3 Kc5 36. Bb4+ Kd5 37. g3 g5 38. Be7 {#r} 1-0

[Event "Thursday Knighter III: OPEN"]
[Site "Minneapolis, MN"]
[Date "2019.03.07"]
[Round "1.2"]
[White "Melander, Robert"]
[Black "Landman, Kevin"]
[Result "0-1"]
[WhiteElo "1541"]
[BlackElo "1506"]

1. e4 c5 2. Nf3 e6 3. d4 cxd4 4. Nxd4 a6 5. c4 Nf6 6. Bd3 Nc6 7. Nxc6 dxc6 8.
O-O e5 9. Nc3 Be7 10. h3 Be6 11. Be3 O-O 12. Qc2 Qc7 13. Rad1 Rad8 14. f3 Nd7
15. Qf2 Qa5 16. a3 Bc5 17. Be2 Qb6 18. Bxc5 Qxc5 19. Qxc5 Nxc5 20. b4 Nb3 21.
c5 Nd4 22. Bd3 Bb3 23. Rb1 Rd7 24. Rf2 Rfd8 25. Bf1 f6 26. Rfb2 Bf7 27. a4 h6
28. b5 axb5 29. axb5 Ne6 30. bxc6 bxc6 31. Rb6 Nxc5 32. Rxc6 Nb3 33. Ba6 Rd2
34. Bc4 Bxc4 35. Rxc4 Nd4 36. Rc7 Rc2 37. Rbb7 Rxc3 38. Rxg7+ Kf8 39. Rgf7+
Kg8 40. Rxf6 Rc6 41. Rff7 Rg6 42. Kh2 Ne6 43. Rfd7 Rxd7 44. Rxd7 Nf4 45. g3
Ne2 46. g4 Rf6 47. Kg2 Nd4 48. Rd8+ Kf7 49. Rb8 Nxf3 50. Rb3 Nd2 51. Rg3 {#R}
0-1

[Event "Thursday Knighter III: OPEN"]
[Site "Minneapolis, MN"]
[Date "2019.03.07"]
[Round "1.3"]
[White "Myrin, Norman"]
[Black "Foote, Brendan"]
[Result "1/2-1/2"]
[WhiteElo "1974"]
[BlackElo "1142"]

1. d4 Nf6 2. c4 g6 3. Nc3 d5 4. Nf3 Bg7 5. e3 O-O 6. Bd3 b6 7. O-O Bb7 8. cxd5
Nxd5 9. e4 Nxc3 10. bxc3 c5 11. e5 cxd4 12. cxd4 Nc6 13. Be4 f5 14. Qb3+ Kh8
15. Bxc6 Bxc6 16. Bb2 Bd5 17. Qa3 e6 18. Rac1 Rf7 19. Qa6 Bh6 20. Rc3 Rc7 21.
Qa3 Rac8 22. Rxc7 Rxc7 23. Bc1 Bxc1 24. Rxc1 Rxc1+ 25. Qxc1 Bxa2 26. Qh6 Qc8
27. h4 Qg8 28. h5 Qg7 29. Qg5 h6 30. Qd8+ Kh7 31. hxg6+ Kxg6 32. Qe8+ Kh7 33.
Qh5 Bd5 34. Nh4 a5 35. g3 a4 36. Nxf5 exf5 37. Qxf5+ Kh8 38. e6 Qg5 39. Qf8+
Qg8 40. Qxh6+ {#d} 1/2-1/2

[Event "Thursday Knighter III: PREMIER"]
[Site "Minneapolis, MN"]
[Date "2019.03.14"]
[Round "2.1"]
[White "Hunt, Ethan"]
[Black "Zelkind, Eduard"]
[Result "1/2-1/2"]
[WhiteElo "1912"]
[BlackElo "2200"]

1. c4 c5 2. Nf3 Nf6 3. Nc3 Nc6 4. g3 e6 5. Bg2 Be7 6. O-O O-O 7. d4 d5 8. cxd5
exd5 9. Bg5 Be6 10. dxc5 Qa5 11. Rc1 Rfd8 12. Nd4 Nxd4 13. Qxd4 Bxc5 14. Qa4
Qxa4 15. Nxa4 Be7 16. Nc5 Bxc5 17. Rxc5 Rdc8 18. Rxc8+ Rxc8 19. Rc1 Ne4 20.
Rxc8+ Bxc8 21. Be3 b6 22. f3 Nf6 23. Bd4 Ne8 24. Be5 Be6 25. Kf2 f6 26. Bb8 a6
27. b4 Kf7 28. Ba7 a5 29. Bxb6 axb4 30. Bc5 d4 31. Bxb4 Bxa2 32. Bc5 Be6 33.
Bxd4 Nd6 34. e4 g5 35. e5 fxe5 36. Bxe5 Nc4 37. Bc3 h5 38. h4 gxh4 39. gxh4
Kg6 40. f4 Nd6 41. Be5 Nf5 42. Be4 Kf7 43. Bf3 Kg6 44. Be4 {#d} 1/2-1/2

[Event "Thursday Knighter III: PREMIER"]
[Site "Minneapolis, MN"]
[Date "2019.03.14"]
[Round "2.2"]
[White "Gibbins, Wilson"]
[Black "Hoover, Nathan"]
[Result "1/2-1/2"]
[WhiteElo "1018"]
[BlackElo "1979"]

1. c4 e6 2. Nc3 d5 3. d4 Nf6 4. cxd5 exd5 5. Bg5 Bb4 6. e3 h6 7. Bxf6 Qxf6 8.
Nf3 O-O 9. Be2 c5 10. O-O Be6 11. dxc5 Bxc3 12. bxc3 Nd7 13. Qd4 Qe7 14. Qb4
Nxc5 15. Nd4 Rac8 16. Rac1 Qf6 17. Rfd1 b6 18. Bf3 Qg6 19. Qb5 Bd7 20. Qe2 Ba4
21. Rd2 Rfd8 22. h3 Qf6 23. Kh1 g6 24. Kg1 Kg7 25. Qf1 h5 26. Qe1 Rc7 27. Ne2
Ne4 28. Bxe4 dxe4 29. Rxd8 Qxd8 30. Nd4 Qc8 31. Qd2 Rc4 32. Qb2 Kg8 33. Qa3
Qc5 34. Qb2 Qc8 35. Qa3 {#d} 1/2-1/2

[Event "Thursday Knighter III: PREMIER"]
[Site "Minneapolis, MN"]
[Date "2019.03.14"]
[Round "2.3"]
[White "Britt, Thomas"]
[Black "Kalina, Chris"]
[Result "1/2-1/2"]
[WhiteElo "1460"]
[BlackElo "1924"]

1. d4 Nf6 2. c4 c5 3. d5 b5 4. cxb5 a6 5. bxa6 g6 6. Nc3 Bxa6 7. Nf3 d6 8. e4
Bxf1 9. Kxf1 Bg7 10. g3 Nbd7 11. Kg2 O-O 12. h3 Qa5 13. Re1 Rfb8 14. Qc2 Ne8
15. Bd2 Qa6 16. Bf4 Nc7 17. e5 dxe5 18. Nxe5 Nxe5 19. Bxe5 Bxe5 20. Rxe5 Qd6
21. Rae1 e6 22. dxe6 Nxe6 23. Rd5 Qc6 24. Qe4 Rxb2 25. Re5 Qxe4+ 26. R1xe4 Rc2
27. Re3 Ra3 28. Nd1 Raxa2 29. Rd5 Rd2 30. Red3 Rxd3 31. Rxd3 Kf8 32. Kf3 Ke7
33. Nc3 {#d} 1/2-1/2

[Event "Thursday Knighter III: PREMIER"]
[Site "Minneapolis, MN"]
[Date "2019.03.14"]
[Round "2.4"]
[White "Louie, Terry"]
[Black "Boardman, Larry"]
[Result "0-1"]
[WhiteElo "1506"]
[BlackElo "1914"]

1. c4 c5 2. Nc3 e6 3. e3 Nf6 4. Nf3 Nc6 5. a3 d5 6. d4 a6 7. dxc5 Bxc5 8. b4
Ba7 9. cxd5 exd5 10. Bb2 O-O 11. Be2 Be6 12. b5 Na5 13. O-O Nc4 14. Bc1 Qa5
15. Qb3 Rac8 16. Qb4 Qxb4 17. axb4 Nxe3 18. Bxe3 Bxe3 19. fxe3 Rxc3 20. Kf2
Ne4+ 21. Ke1 axb5 22. Nd4 Rxe3 23. Nxb5 Bg4 24. Nd4 Re8 25. Rc1 Nc3 26. Kd2
Nxe2 27. Nxe2 Rxe2+ 28. Kd3 Rxg2 29. Rf4 Be2+ 30. Kd4 Bc4 31. h4 b5 32. Ra1
Ra2 33. Rg1 Re4+ 34. Rxe4 dxe4 35. Kxe4 f6 36. Kd4 Kf7 37. Kc5 h5 38. Rd1 Rh2
39. Rd4 Rg2 40. Rd7+ Kg6 41. Rd1 Rg4 42. Rh1 Kh6 43. Kd6 g5 44. hxg5+ fxg5 45.
Ke5 Rf4 46. Rd1 h4 47. Rd8 Kh5 {#R} 0-1

[Event "Thursday Knighter III: PREMIER"]
[Site "Minneapolis, MN"]
[Date "2019.03.14"]
[Round "2.5"]
[White "Wasserman, Eddie"]
[Black "Mulligan, Toma"]
[Result "1-0"]
[WhiteElo "1928"]
[BlackElo "2008"]

1. e4 c5 2. Nf3 e6 3. d4 cxd4 4. Nxd4 Nf6 5. Nc3 d6 6. g4 h6 7. h3 Nc6 8. Be3
a6 9. Bg2 Nxd4 10. Bxd4 e5 11. Be3 Be6 12. Qd2 Be7 13. O-O-O Qa5 14. Kb1 g5
15. f3 Nd7 16. h4 f6 17. Bf1 Rc8 18. Nd5 Qxd2 19. Rxd2 Bxd5 20. exd5 b5 21.
hxg5 fxg5 22. Rdh2 Rg8 23. Rxh6 Nf6 24. Rh8 Kd7 25. Rxg8 Rxg8 26. c4 b4 27.
Bd3 Kc7 28. b3 a5 29. Kb2 Bf8 30. Be4 Be7 31. a3 bxa3+ 32. Kxa3 Kb7 33. Bd3
Bd8 34. Rh6 Be7 35. Ka4 Bd8 36. Bd2 Ne8 37. Bxa5 Bf6 38. b4 Bg7 39. Rg6 Rh8
40. c5 {#r} 1-0

[Event "Thursday Knighter III: PREMIER"]
[Site "Minneapolis, MN"]
[Date "2019.03.14"]
[Round "2.6"]
[White "Buyukdag, Yusuf"]
[Black "Lothrop, Jack"]
[Result "1-0"]
[WhiteElo "1102"]
[BlackElo "1506"]

1. d4 Nf6 2. c4 e6 3. Nc3 Bb4 4. e3 b6 5. Bd3 Bb7 6. Nf3 Ne4 7. Qb3 Bxc3+ 8.
bxc3 d6 9. d5 Nc5 10. Qc2 exd5 11. cxd5 Bxd5 12. Bxh7 Qf6 13. e4 Rxh7 14. exd5
Rh5 15. Qe2+ Kf8 16. O-O Nbd7 17. Qc4 Re8 18. Be3 Re4 19. Bd4 Qg6 20. Rae1 Rf4
21. Bxg7+ Qxg7 22. Qxf4 Nd3 23. Qa4 Nxe1 24. Rxe1 Ne5 25. Kf1 Qh7 26. Nxe5
dxe5 27. Qb4+ Kg8 28. Qg4+ Kh8 29. Qc8+ Kg7 30. Qxc7 Qd3+ 31. Kg1 Qxd5 32.
Qxa7 Qd2 33. Rf1 Qxc3 34. Qxb6 Rh6 35. Qb3 Qc6 36. Qg3+ Rg6 37. Qxe5+ Kg8 38.
g3 Re6 39. Qg5+ Kh7 40. Rc1 Qb6 41. Qd5 Rf6 42. Qd3+ Kg7 43. Qe2 Re6 44. Qd2
Rf6 45. a4 Rd6 46. Qc3+ Rf6 47. Qc5 {#r} 1-0

[Event "Thursday Knighter III: OPEN"]
[Site "Minneapolis, MN"]
[Date "2019.03.14"]
[Round "2.1"]
[White "Landman, Kevin"]
[Black "Juntunen, Steven"]
[Result "1-0"]
[WhiteElo "1506"]
[BlackElo "2133"]

1. d4 Nf6 2. c4 e6 3. Nc3 Bb4 4. e3 c5 5. Bd3 Nc6 6. Nge2 O-O 7. a3 cxd4 8.
axb4 dxc3 9. bxc3 Ne5 10. O-O Nxd3 11. Qxd3 d5 12. Rd1 Qc7 13. cxd5 Nxd5 14.
e4 Nb6 15. Be3 Nc4 16. Ra2 Nxe3 17. Qxe3 b6 18. Rad2 Ba6 19. Rd7 Rfd8 20. R7d4
Bxe2 21. Qxe2 Rxd4 22. cxd4 a6 23. Qd2 Rc8 24. d5 exd5 25. exd5 Qd6 26. Rc1
Rxc1+ 27. Qxc1 g6 28. Qc4 a5 29. bxa5 bxa5 30. Qc8+ Kg7 31. Qc3+ f6 32. Qxa5
Kf7 33. g3 g5 34. Qa7+ Qe7 35. Qd4 Qe5 36. Qd3 f5 37. g4 Qe1+ 38. Kg2 Qe4+ 39.
Qxe4 fxe4 40. Kg3 h6 41. f4 Ke7 42. f5 Kd6 43. f6 Kd7 44. Kf2 Kd6 45. Ke3 Kd7
46. Kxe4 Kd6 47. Kf5 Kd7 48. f7 Ke7 49. Kg6 Kf8 50. Kf6 h5 51. d6 h4 52. d7 h3
53. d8=Q# 1-0

[Event "Thursday Knighter III: PREMIER"]
[Site "Minneapolis, MN"]
[Date "2019.03.21"]
[Round "3.1"]
[White "Zelkind, Eduard"]
[Black "Kalina, Chris"]
[Result "1/2-1/2"]
[WhiteElo "2200"]
[BlackElo "1924"]

1. Nf3 Nf6 2. c4 e6 3. b3 Be7 4. Bb2 O-O 5. g3 b6 6. Bg2 Bb7 7. O-O c5 8. d3
d5 9. e3 Nbd7 10. Nc3 Qc7 11. Qc2 e5 12. cxd5 Nxd5 13. Nxd5 Bxd5 14. e4 Bb7
15. d4 exd4 16. Nxd4 Bf6 17. Rad1 Rad8 18. Rfe1 Qb8 19. Nf5 Bxb2 20. Qxb2 Qe5
21. Qa3 a5 22. Qc1 g6 23. f4 Qc7 24. Ne7+ Kg7 25. Qc3+ f6 26. Nd5 Bxd5 27.
exd5 Rfe8 28. d6 Qc8 29. Re7+ Rxe7 30. dxe7 Re8 31. Qe3 Nb8 32. Rd6 Qc7 33.
Re6 Qd7 34. Bf1 b5 35. a4 c4 36. axb5 cxb3 37. Qxb3 Rxe7 38. Bc4 Qd4+ 39. Kg2
Rxe6 40. Bxe6 Qe4+ 41. Kf2 a4 42. Qd5 Qxd5 43. Bxd5 Kf8 44. Ke3 Ke7 45. Kd4
Kd6 46. h4 Nd7 47. g4 h6 48. g5 hxg5 49. fxg5 fxg5 50. hxg5 a3 51. Ba2 Nf8
{#d} 1/2-1/2

[Event "Thursday Knighter III: PREMIER"]
[Site "Minneapolis, MN"]
[Date "2019.03.21"]
[Round "3.2"]
[White "Boardman, Larry"]
[Black "Gibbins, Wilson"]
[Result "0-1"]
[WhiteElo "1914"]
[BlackElo "1018"]

1. e4 c5 2. Nf3 e6 3. d4 cxd4 4. Nxd4 a6 5. Nc3 Qc7 6. Bd3 Nf6 7. O-O d6 8. f4
Nbd7 9. Kh1 Be7 10. Qe2 b5 11. Bd2 Bb7 12. b4 O-O 13. a4 bxa4 14. Rxa4 Nb6 15.
Raa1 Qc8 16. e5 dxe5 17. fxe5 Nfd7 18. Rae1 Qc7 19. Bxh7+ Kxh7 20. Qh5+ Kg8
21. Re3 Nxe5 22. Rh3 f6 23. Qh7+ Kf7 24. Rg3 Rg8 25. Qh3 Qc4 {#R} 0-1

[Event "Thursday Knighter III: PREMIER"]
[Site "Minneapolis, MN"]
[Date "2019.03.21"]
[Round "3.3"]
[White "Hoover, Nathan"]
[Black "Hunt, Ethan"]
[Result "0-1"]
[WhiteElo "1979"]
[BlackElo "1912"]

1. d4 d5 2. Nf3 Nf6 3. c4 c6 4. e3 e6 5. Nc3 Nbd7 6. Bd3 dxc4 7. Bxc4 b5 8.
Bd3 Bb7 9. O-O a6 10. b3 c5 11. Bb2 cxd4 12. Nxd4 Nc5 13. Be2 Be7 14. b4 Nce4
15. Nxe4 Bxe4 16. a4 O-O 17. axb5 axb5 18. Bxb5 Bxb4 19. Qb3 Bd6 20. f3 Bd5
21. Qc2 Qb6 22. Bd3 Rac8 23. Qe2 Bb7 24. Rfb1 Qd8 25. Ra7 Ba8 26. Rba1 Bc5 27.
R7a4 Bb7 28. Rc1 Qe7 29. Rd1 Rfd8 30. Bb1 Qd7 31. Kh1 Qxa4 {#R} 0-1

[Event "Thursday Knighter III: PREMIER"]
[Site "Minneapolis, MN"]
[Date "2019.03.21"]
[Round "3.4"]
[White "Lothrop, Jack"]
[Black "Wasserman, Eddie"]
[Result "0-1"]
[WhiteElo "1506"]
[BlackElo "1928"]

1. e4 e5 2. Nf3 Nc6 3. Bb5 f5 4. exf5 e4 5. Qe2 Qe7 6. Bxc6 bxc6 7. Nd4 Nf6 8.
b3 c5 9. Nb5 d5 10. g4 c6 11. N5a3 h5 12. g5 Ng4 13. d3 Bxf5 14. dxe4 Bxe4 15.
Rg1 Nxh2 16. Rg3 Nf3+ 17. Kf1 Nd4 18. Qa6 Qd7 19. c4 h4 20. Rc3 h3 21. Bf4 Qg4
22. Nd2 Bg2+ 23. Kg1 Ne2+ 24. Kh2 Qxf4+ 25. Rg3 Qxf2 26. Qxc6+ Kf7 27. g6+ Ke7
28. Qc7+ Ke6 29. Qf7+ Qxf7 30. Re3+ Kf6 31. gxf7 Bd6+ {#R} 0-1

[Event "Thursday Knighter III: OPEN"]
[Site "Minneapolis, MN"]
[Date "2019.03.21"]
[Round "3.1"]
[White "Myrin, Norman"]
[Black "Landman, Kevin"]
[Result "1-0"]
[WhiteElo "1974"]
[BlackElo "1506"]

1. d4 Nf6 2. e3 g6 3. Bd3 Bg7 4. Nd2 O-O 5. f4 d6 6. Ngf3 c5 7. c3 Nc6 8. O-O
e5 9. dxe5 dxe5 10. Ne4 Qe7 11. Qc2 Bf5 12. Nxf6+ Qxf6 13. Bxf5 Qxf5 14. e4
Qe6 15. Be3 b6 16. Ng5 Qe7 17. Rad1 Rad8 18. f5 Rd6 19. Rxd6 Qxd6 20. Rd1 Qe7
21. Qf2 h6 22. Nh3 Rd8 23. Rf1 Rd6 24. fxg6 fxg6 25. Qg3 Rf6 26. Rd1 Qf7 27.
b3 a5 28. Nf2 a4 29. Ng4 Re6 30. Rf1 Qd7 31. Nxh6+ Bxh6 32. Bxh6 Kh7 33. Qh4
Re8 34. Bg5+ Kg8 35. Bf6 Qh7 36. Qf2 Rf8 37. Qd2 Qf7 38. Qd5 Na5 39. Qxe5 axb3
40. axb3 Nxb3 41. Qg5 Na5 42. e5 Nc6 43. e6 Qxe6 44. Qxg6# 1-0

[Event "Thursday Knighter III: OPEN"]
[Site "Minneapolis, MN"]
[Date "2019.03.21"]
[Round "3.3"]
[White "Baker, John"]
[Black "Khann, Riaz"]
[Result "1-0"]
[WhiteElo "1853"]
[BlackElo "1506"]

1. e4 c5 2. Nf3 d6 3. Bb5+ Nd7 4. O-O a6 5. Bxd7+ Bxd7 6. d4 cxd4 7. Qxd4 Nf6
8. c4 e6 9. Nc3 Be7 10. Bg5 e5 11. Qd3 Bg4 12. Bxf6 Bxf6 13. Rad1 Qb6 14. b3
Bxf3 15. Qxf3 O-O 16. Nd5 Qd8 17. Rd3 Be7 18. Rfd1 Bg5 19. Qg4 Bh6 20. h4 b5
21. cxb5 axb5 22. Nc3 Qa5 23. a4 bxa4 24. bxa4 Rac8 25. Nd5 Rc2 26. Ne7+ Kh8
27. Nf5 Qc5 28. Qf3 Bc1 29. Nxd6 Bb2 30. Nxf7+ Kg8 31. Rd8 Bd4 32. Rxf8+ Qxf8
33. Nxe5 Bxf2+ 34. Kh1 Qe7 35. Qb3+ Kf8 36. Rd8+ {#r} 1-0